000
00279nam a22001217a 4500
008
170615b xxu||||| |||| 00| 0 eng d
041
_a
eng
080
_a
94
100
_a
19
101
_a
SHP
245
_a
TEAM OF RIVALS RHE POLIYICAL GENIUS
_c
LINCOLN.A
942
_2
udc
_c
BK
999
_c
17526
_d
17526